Chemistry atoms first
Guardat en:
| Autor principal: | |
|---|---|
| Format: | Llibre |
| Idioma: | anglès |
| Publicat: |
McGraw-Hill Education,
2018
|
| Etiquetes: |
Afegir etiqueta
Sense etiquetes, Sigues el primer a etiquetar aquest registre!
|
MARC
| LEADER | 00000nam a22000007a 4500 | ||
|---|---|---|---|
| 008 | 201221b ||||| |||| 00| 0 eng d | ||
| 022 | |a ISBN: 978-1-260-08373-6 | ||
| 100 | |a BURDGE, Julia. | ||
| 245 | |a Chemistry |c Julia Burdge, Jason Overby |g . xxxii, 1110p.; ill. |b atoms first | ||
| 250 | |b 3rd ed | ||
| 260 | |b McGraw-Hill Education, |c 2018 |h New York |i 691044 |i 691045 |l QD31.3 .B89 |m Chemistry – Textbooks | ||
| 500 | |a “It includes Index”. | ||
| 942 | |a lcc |c BK |e Olagoke, M.A |f 21/12/2020 | ||
| 952 | |0 0 |1 0 |2 lcc |4 0 |6 QD00313 B89 |7 0 |9 1090 |a HOL |b HOL |c QZ |d 2020-12-21 |l 0 |o QD31.3 .B89 |p 2020-230304 |r 2020-12-21 00:00:00 |w 2020-12-21 |y BK | ||
| 952 | |0 0 |1 0 |2 lcc |4 0 |6 QD00313 B89 |7 0 |9 1091 |a HOL |b SL |c QZ |d 2020-12-21 |l 0 |o QD31.3 .B89 |p 2020-230305 |r 2020-12-21 00:00:00 |w 2020-12-21 |y BK | ||
| 999 | |c 562 |d 562 | ||